Statistics for 5 Letter US Presidents

Click here to take the quiz!

General Stats

  • This quiz has been taken 62 times
  • The average score is 6 of 8

Answer Stats

Answer% Correct
Trump
93%
Obama
85%
Adams
81%
Biden
75%
Nixon
69%
Tyler
68%
Grant
61%
Hayes
41%

Score Distribution

Percentile by Number Answered

Percent of People with Each Score

Your Score History

You have not taken this quiz